Bolsa de valores y lavado de dólares

Tallennettuna:
Bibliografiset tiedot
Aineistotyyppi: Teksti
Aiheet:
Tagit: Lisää tagi
Ei tageja, Lisää ensimmäinen tagi!

MARC

LEADER 00000 a a2200000 04500
001 5892
003
040
245 |a Bolsa de valores y lavado de dólares  
650 |a MERCADO FINANCIERO  
650 |a CORRUPCION  
650 |a DELITOS  
650 |a FINANCIAMIENTO  
773 |g volumen 15, número 636; páginas 6-7  
999 |c 28062  |d 28062